Statistics for NFL Football Word Chain

Click here to take the quiz!

General Stats

  • This quiz has been taken 368 times
  • The average score is 14 of 19

Answer Stats

HintAnswer% Correct
Number of players on the field per teamEleven
97%
The N in NFLNational
97%
Detroit's team nameLions
91%
Seattle's team nameSeahawks
90%
City the Buccaneers play inTampa
89%
State where the Falcons playGeorgia
88%
LaDainian's last nameTomlinson
84%
Penalty for grabbing on to another player's jerseyHolding
83%
Dick Lane's nickname: ____ TrainNight
81%
Route where a player runs at a 45 degree angleSlant
79%
Last name of Jamal, Dion, RayLewis
77%
Current NFL commissionerGoodell
72%
#1 draft pick for the Cowboys in 1989Aikman
67%
Stadium the Saints play inSuperdome
64%
Current Buccaneers coachArians
58%
Suh's first nameNdamukong
51%
Last name of Roger "The Dodger"Staubach
46%
Super bowl MVP for the RaidersAllen
37%
College Colin Kaepernick attendedNevada
32%

Score Distribution

Percentile by Number Answered

Percent of People with Each Score

Your Score History

You have not taken this quiz